Black ransom [Large Print] / Stone Wallace.
Available copies
- 1 of 1 copy available at LARL/NWRL Consortium.
Current holds
0 current holds with 1 total copy.
View other formats and editions
Show Only Available Copies
| Location | Call Number / Copy Notes | Barcode | Shelving Location | Status | Due Date |
|---|---|---|---|---|---|
| Greenbush Public Library | lp WAL (Text) | 35500005505332 | Main | Available | - |
Record details
- ISBN: 9781628991840 (library binding : alk. paper)
- ISBN: 1628991844 (library binding : alk. paper)
- Physical Description: 399 pages ; 23 cm
- Edition: Center Point large print edition.
- Publisher: Thorndike, Maine : Center Point Large Print, 2014.
Content descriptions
| Summary, etc.: | "In this western set in southern Arizona, a man ... Read More |
Search for related items by subject
| Subject: | False imprisonment > Fiction. Kidnapping > Fiction. Large type books. Arizona > Fiction. |
| Genre: | Western stories. Suspense fiction. |
| LDR | 01758cam a22004578i 4500 | ||
|---|---|---|---|
| 001 | 169338 | ||
| 003 | LARL_NWRL_CONSORTIUM | ||
| 005 | 20140820152826.0 | ||
| 008 | 140428t20142014meu d 000 f eng | ||
| 010 | . | ‡a2014016653 | |
| 019 | . | ‡a878505557 | |
| 020 | . | ‡a9781628991840 (library binding : alk. paper) | |
| 020 | . | ‡a1628991844 (library binding : alk. paper) | |
| 035 | . | ‡a(OCoLC)878668054 ‡z(OCoLC)878505557 | |
| 040 | . | ‡aDLC ‡beng ‡erda ‡cDLC ‡dOCLCO ‡dCD5 ‡dJAO ‡dOCLCO ‡dBTCTA ‡dNRG | |
| 042 | . | ‡apcc | |
| 043 | . | ‡an-us-az | |
| 049 | . | ‡aNRGE | |
| 050 | 1 | 0. | ‡aPR9199.4.W3424 ‡bB57 2014 |
| 082 | 0 | 0. | ‡a813/.6 ‡223 |
| 100 | 1 | . | ‡aWallace, Stone, ‡d1957- ‡0(LARL_NWRL_CONSORTIUM)220908 |
| 245 | 1 | 0. | ‡aBlack ransom ‡h[Large Print] / ‡cStone Wallace. |
| 250 | . | ‡aCenter Point large print edition. | |
| 260 | . | ‡aThorndike, Maine : ‡bCenter Point Large Print, ‡c2014. | |
| 260 | . | ‡c©2014 | |
| 300 | . | ‡a399 pages ; ‡c23 cm | |
| 336 | . | ‡atext ‡btxt ‡2rdacontent | |
| 337 | . | ‡aunmediated ‡bn ‡2rdamedia | |
| 338 | . | ‡avolume ‡bnc ‡2rdacarrier | |
| 340 | . | ‡nLarge print (16-point) | |
| 520 | . | ‡a"In this western set in southern Arizona, a man who lost everything when he was sent to prison for a crime he didn't commit escapes with the help of a murderous convict and sets out to exact revenge on the two men he holds responsible"-- ‡cProvided by publisher. | |
| 650 | 0. | ‡aFalse imprisonment ‡vFiction. ‡0(LARL_NWRL_CONSORTIUM)169335 | |
| 650 | 0. | ‡aKidnapping ‡vFiction. ‡0(LARL_NWRL_CONSORTIUM)165838 | |
| 650 | 0. | ‡aLarge type books. ‡0(LARL_NWRL_CONSORTIUM)24284 | |
| 651 | 0. | ‡aArizona ‡vFiction. ‡0(LARL_NWRL_CONSORTIUM)163221 | |
| 655 | 7. | ‡aWestern stories. ‡2gsafd | |
| 655 | 7. | ‡aSuspense fiction. ‡2gsafd | |
| 994 | . | ‡aC0 ‡bNRG | |
| 901 | . | ‡a169338 ‡bOCLC ‡c169338 ‡tbiblio | |

Add to basket
Permalink
Disable Highlighting